[Event "GER-chT Lands U20"]
[Site "Tuebingen"]
[Date "2024.10.05"]
[Round "5"]
[White "Lu, Sheng"]
[Black "Didas, Emma"]
[Result "1-0"]
[WhiteElo "1559"]
[BlackElo "1078"]
[PlyCount "75"]
[EventDate "2024.10.03"]
[EventType "team-swiss"]
[EventRounds "7"]
[EventCountry "GER"]
[SourceTitle "CB47_2024"]
[SourceDate "2024.11.20"]
[SourceVersion "1"]
[SourceVersionDate "2024.11.20"]
[SourceQuality "1"]

1. e4 d6 2. d4 Nf6 3. Nc3 g6 4. f4 c6 5. Nf3 Bg7 6. Bd3 b5 7. a3 Bd7 8. b4 Na6 9. h3 Qb6 10. Rb1 Nc7 11. Be3 Ng8 12. Qd2 Ne6 13. Be2 a6 14. d5 Qc7 15. dxe6 Bxe6 16. Bd4 f6 17. 0-0 Rd8 18. Rfd1 c5 19. Be3 cxb4 20. axb4 f5 21. Bd4 Nf6 22. exf5 Bxf5 23. Bd3 Bxd3 24. cxd3 0-0 25. Rdc1 Qd7 26. Qa2+ Kh8 27. Qxa6 Rb8 28. Ra1 Rb7 29. Ne2 Nd5 30. Bxg7+ Kxg7 31. Rab1 Nxf4 32. Nxf4 Rxf4 33. Qc6 Qxc6 34. Rxc6 h6 35. Kf2 Kf7 36. Ke3 Rf5 37. Ke4 Kf6 38. g4 1-0

[Event "GER-chT Lands U20"]
[Site "Tuebingen"]
[Date "2024.10.04"]
[Round "4"]
[White "Lu, Sheng"]
[Black "Albrecht, Sidney Jenna"]
[Result "1-0"]
[WhiteElo "1559"]
[BlackElo "1544"]
[PlyCount "97"]
[EventDate "2024.10.03"]
[EventType "team-swiss"]
[EventRounds "7"]
[EventCountry "GER"]
[SourceTitle "CB47_2024"]
[SourceDate "2024.11.20"]
[SourceVersion "1"]
[SourceVersionDate "2024.11.20"]
[SourceQuality "1"]

1. e4 c5 2. Nf3 Nc6 3. d4 cxd4 4. Nxd4 g6 5. Nc3 Bg7 6. Be3 Nf6 7. Be2 0-0 8. 0-0 d6 9. Qd2 Bd7 10. Rad1 Rc8 11. f3 Re8 12. Kh1 Nxd4 13. Bxd4 a6 14. Qe3 Bc6 15. Bb6 Qd7 16. e5 Qe6 17. exf6 Qxe3 18. Bxe3 Bxf6 19. Bd4 Bxd4 20. Rxd4 b5 21. Rc1 Red8 22. Nd5 Rc7 23. Nxc7 Rd7 24. Nxa6 Ra7 25. Nb4 Bd7 26. a3 Rb7 27. Re1 Kf8 28. Bd3 Ra7 29. Nd5 Bc6 30. Rxe7 Rxe7 31. Nxe7 Kxe7 32. Be4 Bd7 33. c4 bxc4 34. Rxc4 Ke6 35. Rc7 Ba4 36. b4 h5 37. Ra7 Bb5 38. a4 Bc4 39. b5 d5 40. Bc2 d4 41. b6 Bd5 42. Be4 Bxe4 43. fxe4 d3 44. Ra8 Ke7 45. Re8+ Kxe8 46. b7 d2 47. b8Q+ Ke7 48. Qb1 d1Q+ 49. Qxd1 1-0

[Event "GER-ch U12 Girls"]
[Site "Willingen"]
[Date "2024.05.25"]
[Round "9"]
[White "Ramakrishnan, Veda"]
[Black "Lu, Sheng"]
[Result "1-0"]
[WhiteElo "1482"]
[BlackElo "1590"]
[PlyCount "51"]
[EventDate "2024.05.19"]
[EventType "swiss"]
[EventRounds "9"]
[EventCountry "GER"]
[SourceTitle "CBM 220 Extra"]
[Source "ChessBase"]
[SourceDate "2024.07.31"]
[SourceVersion "1"]
[SourceVersionDate "2024.07.31"]
[SourceQuality "1"]

1. e4 e5 2. Nf3 Nc6 3. Nc3 Nf6 4. d4 exd4 5. Nxd4 Nxd4 6. Qxd4 d6 7. Be2 Be7 8. 0-0 0-0 9. Bf4 Be6 10. Rad1 Re8 11. Bf3 Bg4 12. Bxg4 Nxg4 13. h3 Nf6 14. Rfe1 h6 15. e5 dxe5 16. Bxe5 c6 17. Qc4 Qb6 18. Ne4 Nxe4 19. Rxe4 Bc5 20. Rd7 Rf8 21. Rf4 Kh8 22. Rdxf7 Rg8 23. Rh4 Be3 24. Qe6 Kh7 25. Qf5+ Kh8 26. Qg6 1-0

[Event "GER-ch U12 Girls"]
[Site "Willingen"]
[Date "2024.05.19"]
[Round "2"]
[White "Jamalli, Malak"]
[Black "Lu, Sheng"]
[Result "0-1"]
[WhiteElo "1197"]
[BlackElo "1590"]
[PlyCount "56"]
[EventDate "2024.05.19"]
[EventType "swiss"]
[EventRounds "9"]
[EventCountry "GER"]
[SourceTitle "CBM 220 Extra"]
[Source "ChessBase"]
[SourceDate "2024.07.31"]
[SourceVersion "1"]
[SourceVersionDate "2024.07.31"]
[SourceQuality "1"]

1. e4 e5 2. Nf3 Nc6 3. Nc3 Nf6 4. Bc4 Bc5 5. d3 h6 6. 0-0 d6 7. h3 0-0 8. Nd5 Re8 9. Be3 Bb6 10. Nd2 Nxd5 11. exd5 Ne7 12. Qf3 f5 13. Nb3 f4 14. Bd2 Ng6 15. Qh5 Qf6 16. d4 Rf8 17. Bd3 Ne7 18. Qf3 Nf5 19. Qe4 Nxd4 20. Kh2 Bf5 21. Qe1 Bxd3 22. Nxd4 Bxf1 23. Qxf1 Bxd4 24. c3 Bb6 25. Qe2 f3 26. Qf1 fxg2 27. Qxg2 Qxf2 28. Qxf2 Rxf2+ 0-1